[Event "FRA-ch U14 Girls"]
[Site "Montbeliard"]
[Date "2014.04.21"]
[Round "1"]
[White "Seite, Yamina"]
[Black "Taroni, Anna"]
[Result "1-0"]
[WhiteElo "1622"]
[BlackElo "1376"]
[PlyCount "145"]
[EventDate "2014.04.21"]
[EventType "swiss"]
[EventRounds "9"]
[EventCountry "FRA"]
[SourceTitle "CBM 160 Extra"]
[Source "ChessBase"]
[SourceDate "2014.07.01"]
[SourceVersion "1"]
[SourceVersionDate "2014.07.01"]
[SourceQuality "1"]

1. e4 e5 2. Nf3 Nc6 3. d4 exd4 4. Bc4 Nf6 5. e5 Ne4 6. 0-0 Nc5 7. Nxd4 Nxd4 8. Qxd4 Ne6 9. Qd1 Bc5 10. Nc3 0-0 11. Qg4 Kh8 12. Bd3 d6 13. exd6 Bxd6 14. Qh5 g6 15. Qh6 Be5 16. Bd2 Bg7 17. Qe3 Re8 18. Rae1 Bd7 19. Qg3 Qf6 20. f4 Qd4+ 21. Kh1 f5 22. Rf3 Qd6 23. Qh4 Qe7 24. Qxe7 Rxe7 25. Rfe3 Rae8 26. Nd5 Rf7 27. Bc4 Bc8 28. Bc3 c6 29. Bxg7+ Kxg7 30. Nc3 Rfe7 31. Nd1 Kf6 32. g3 Nc5 33. Rxe7 Rxe7 34. Rxe7 Kxe7 35. Nf2 Ne4 36. Nd3 Be6 37. Bxe6 Kxe6 38. Ne5 c5 39. Kg2 b5 40. c3 a5 41. Kf3 b4 42. cxb4 axb4 43. Ke3 Kd5 44. Nd7 h6 45. Ne5 g5 46. Nf7 gxf4+ 47. gxf4 h5 48. Ne5 c4 49. Nf3 Kc5 50. Nd4 Nd6 51. h4 Kd5 52. Nc2 Kc5 53. Nd4 Kd5 54. Ne2 Ne8 55. Ng3 Ng7 56. a3 bxa3 57. bxa3 Kc5 58. Ne2 Ne6 59. Nc3 Nd4 60. Na4+ Kd5 61. Nb6+ Kc5 62. Nd7+ Kd5 63. a4 Nc2+ 64. Kd2 Nb4 65. Kc3 Nc6 66. Nf6+ Ke6 67. Nxh5 Kf7 68. Kxc4 Kg6 69. Ng3 Na5+ 70. Kb5 Nb7 71. a5 Nxa5 72. Kxa5 Kh6 73. Kb5 1-0

[Event "FRA-ch U12 Girls"]
[Site "Saint Paul Trois Chateaux"]
[Date "2013.05.01"]
[Round "4"]
[White "Pionnier, Camille"]
[Black "Taroni, Anna"]
[Result "1-0"]
[WhiteElo "1428"]
[BlackElo "1500"]
[PlyCount "79"]
[EventDate "2013.04.28"]
[EventType "swiss"]
[EventRounds "9"]
[EventCountry "FRA"]
[SourceTitle "CBM 154 Extra"]
[Source "ChessBase"]
[SourceDate "2013.06.25"]
[SourceVersion "2"]
[SourceVersionDate "2013.06.25"]
[SourceQuality "1"]

1. e4 e5 2. Nf3 Nc6 3. d4 exd4 4. Nxd4 Nf6 5. Nc3 Bb4 6. Nxc6 bxc6 7. Bd3 0-0 8. 0-0 Re8 9. Re1 d5 10. exd5 cxd5 11. Bd2 Bd6 12. Bg5 Bb7 13. Rxe8+ Qxe8 14. Bxf6 gxf6 15. Qg4+ Kh8 16. Qf5 Qg8 17. Qxf6+ Qg7 18. Qxg7+ Kxg7 19. Re1 Rg8 20. Nb5 Bc5 21. Nxc7 Kh6 22. g3 Rg5 23. Kf1 Bb6 24. Nb5 Bc8 25. Kg2 Bc5 26. a3 a5 27. Re8 Bb7 28. Rb8 Bc6 29. Rc8 Bxb5 30. Rxc5 Bxd3 31. cxd3 Kg6 32. Rxa5 Kf6 33. f4 Rg8 34. Rxd5 Rb8 35. b4 Ra8 36. Ra5 Rd8 37. a4 Rxd3 38. Ra8 Ke6 39. b5 Kd6 40. Rd8+ 1-0